书目信息 |
| 题名: |
Master CAM实用教程
|
|
| 作者: | 朱成俊 主编 ;冯辉英 , 贺军峰 , 余东满 副主编 | |
| 分册: | ||
| 出版信息: | 长春 东北师范大学出版社 2010.02 |
|
| 页数: | 244页 | |
| 开本: | 26cm | |
| 丛书名: | ||
| 单 册: | ||
| 中图分类: | TG76-39 | |
| 科图分类: | ||
| 主题词: | 模具--计算机辅助设计 | |
| 电子资源: | ||
| ISBN: | 978-7-5602-5985-7 | |
| 000 | 00924nam0 2200265 450 | |
| 001 | 1053000828 | |
| 005 | 20100812144527.87 | |
| 010 | @a978-7-5602-5985-7@dCNY29.00 | |
| 100 | @a20100515d2010 km y0chiy0120 ea | |
| 101 | 0 | @achi |
| 102 | @aCN@b220000 | |
| 105 | @aa z 000yy | |
| 200 | 1 | @aMaster CAM实用教程@AMaster CAM shi yong jiao cheng@f朱成俊主编@Fzhu cheng jun zhu bian@g冯辉英, 贺军峰, 余东满副主编@Gfeng hui ying,he jun feng,yu dong man fu zhu bian |
| 210 | @a长春@c东北师范大学出版社@d2010.02 | |
| 215 | @a244页@c图@d26cm | |
| 300 | @a高职高专"十二五"规划教材 | |
| 330 | @a本书重点介绍了Master CAM 10.0版的主要内容。 | |
| 606 | 0 | @a模具@x计算机辅助设计 |
| 690 | @aTG76-39@v4 | |
| 701 | 0 | @a朱成俊@Azhu cheng jun@4主编 |
| 702 | 0 | @a冯辉英@Afeng hui ying@4副主编 |
| 702 | 0 | @a贺军峰@Ahe jun feng@4副主编 |
| 702 | 0 | @a余东满@Ayu dong man@4副主编 |
| 801 | 0 | @aCN@c20100515 |
| 905 | @dTG76-39@eZ830@f5 | |
| Master CAM实用教程/朱成俊主编/冯辉英, 贺军峰, 余东满副主编.-长春:东北师范大学出版社,2010.02 |
| 244页:图;26cm |
| 高职高专"十二五"规划教材 |
| ISBN 978-7-5602-5985-7:CNY29.00 |
| 本书重点介绍了Master CAM 10.0版的主要内容。 |
| ● |
| 相关链接 |
|
|
|
正题名:Master CAM实用教程
索取号:TG76-39/Z830
 
预约/预借
| 序号 | 登录号 | 条形码 | 馆藏地/架位号 | 状态 | 备注 |
| 1 | 1026323 | 210263230 | 自科二线504/504自科库 40排1列4层/ [索取号:TG76-39/Z830] | 在馆 | |
| 2 | 1026324 | 210263249 | 自科二线504/504自科库 40排1列4层/ [索取号:TG76-39/Z830] | 在馆 | |
| 3 | 1026325 | 210263258 | 自科二线504/504自科库 40排1列4层/ [索取号:TG76-39/Z830] | 在馆 | |
| 4 | 1026326 | 210263267 | 自科库501/501自科库 29排4列2层/ [索取号:TG76-39/Z830] | 在馆 | |
| 5 | 1026327 | 210263276 | 自科库501/501自科库 29排4列2层/ [索取号:TG76-39/Z830] | 在馆 |